Spolupráce s malými a středními podniky v Rakousku.

Vývoj obchodných stykov medzi Rakúskom a ČSFR od roku 1970. Podiel malých a stredných podnikov na zahraničnom obchode Rakúska. Zoznam a adresy rakúskych inštitúcií a podnikov ako pomôcka pre nadväzovanie kontaktov čs. podnikateľov.

Enregistré dans:
Détails bibliographiques
Auteur principal: Matějka, Milan
Format: Chapitre de livre
Langue:tchèque
Sujets:
Tags: Ajouter un tag
Pas de tags, Soyez le premier à ajouter un tag!

MARC

LEADER 00000naa a2200000 4500
001 r003039
005 20220819173047.2
041 0 |a cze 
044 |a [CS] 
245 1 0 |a Spolupráce s malými a středními podniky v Rakousku.  |c Milan Matějka 
520 |a Vývoj obchodných stykov medzi Rakúskom a ČSFR od roku 1970. Podiel malých a stredných podnikov na zahraničnom obchode Rakúska. Zoznam a adresy rakúskych inštitúcií a podnikov ako pomôcka pre nadväzovanie kontaktov čs. podnikateľov. 
610 2 0 |a podnik malý 
610 2 0 |a podnik stredný 
610 2 0 |a ČSFR 
610 2 0 |a Rakúsko 
610 2 0 |a obchod zahraničný 
610 2 0 |a adresáre 
610 2 0 |a spolupráca podnikov 
100 1 |a Matějka, Milan